O výměně zkušeností ve vynálezcovství a zlepšovatelství Sborník z krajskej konference. Příbram 24. až 26. února 1987. Kulturní dům

Saved in:
Bibliographic Details
Format: Book
Language:Czech
Published: Praha Dům techn. ČSVTS 1987
Edition:1. vyd.
Tags: Add Tag
No Tags, Be the first to tag this record!

MARC

LEADER 00000nam a2200000 4500
001 c025563
005 20221219103108.0
041 0 |a cze 
044 |a CZ 
245 1 0 |a O výměně zkušeností ve vynálezcovství a zlepšovatelství  |b Sborník z krajskej konference. Příbram 24. až 26. února 1987. Kulturní dům 
250 |a 1. vyd. 
264 1 |a Praha  |b Dům techn. ČSVTS  |c 1987 
300 |a 140 s.